Введение в дифференциальное и интегральное исчисление: пер. с нем.

Dettagli Bibliografici
Autore principale: Ландау Э. Эдмунд
Lingua:russo
Pubblicazione: Москва, Иностранная литература, 1948
Soggetti:
Natura: MixedMaterials Libro
KOHA link:https://koha.lib.tpu.ru/cgi-bin/koha/opac-detail.pl?biblionumber=104196

MARC

LEADER 00000nam0a2200000 4500
001 104196
005 20231031113904.0
035 |a (RuTPU)RU\TPU\book\112313 
090 |a 104196 
100 |a 20061028d1948 m y0rusy50 ca 
101 1 |a rus  |c ger 
102 |a RU 
105 |a y z 000zy 
200 1 |a Введение в дифференциальное и интегральное исчисление  |e пер. с нем.  |f Э. Ландау 
210 |a Москва  |c Иностранная литература  |d 1948 
215 |a 458 с. 
610 1 |a математика 
610 1 |a дифференциальные исчисления 
610 1 |a интегральные исчисления 
610 1 |a математический анализ 
675 |a 517  |v 3 
700 1 |a Ландау  |b Э.  |g Эдмунд 
801 1 |a RU  |b 63413507  |c 20061028  |g PSBO 
801 2 |a RU  |b 63413507  |c 20210608  |g PSBO 
942 |c BK